Gaming Quiz

Random Gaming or Video Games Quiz
Score 0/26 Timer 06:00
0 Plays Today
Weapons Video Game % Correct
Red Koopa Shell, Banana Peel, Fake Item BoxMario Kart
78.4%
Plasma Grenade, Energy Sword, Needler, CarbineHalo 2
75.8%
Blades of Chaos, Pandora's Box, Blade of the GodsGod of War
62.4%
Wave Beam, Screwattack, Ice Beam, Long BeamMetroid
60.6%
BFG, Chainsaw, ChaingunDoom
58.9%
Master Sword, Megaton Hammer, Giant's Knife, LongshotLegend of Zelda: Ocarina of Time
57.9%
Home Run Bat, Smash Ball, Assist Trophy, Golden HammerSuper Smash Bros. Brawl
54%
Lancer, Hammerburst, Gnasher Shotgun, Hammer of DawnGears of War
53.4%
RPG Launcher, Gravity Gun, Pheropod, CrowbarHalf-Life 2
50.1%
Plasmids, Wrench, Chemical ThrowerBioShock
45.2%
Experimental MIRV, Fat Man, Rock-It LauncherFallout 3
44.1%
Whip, Stop Watch, Dagger, Boomerang, Holy WaterCastlevania
43.8%
Anal Probe, Zap-O-Matic, Abducto BeamDestroy All Humans!
34.8%
Weapons Video Game % Correct
Metal Blade, Crash Bombs, Mega Buster, Air ShooterMega Man 2
30.1%
Mr. Baseball Bat, Baddest Beam, Non-Stick Fry Pan, Combat Yo-YoEarthbound
27.7%
Plastic Bag, Glass Shard, Meat Cleaver, SickleManhunt
27.6%
FarSight XR-20, Falcon 2, Laptop Gun, Callisto NTGPerfect Dark
27.5%
Glove of Doom, Tesla Claw, R.Y.N.O.Ratchet and Clank
23.2%
Pumpkinhead, Oath Keeper, Divine Rose, OblivionKingdom Hearts
22.9%
Ice Auger, Shower Head, Sledgehammer, Park BenchDead Rising
21.8%
Spreader Rifle, Laser Gun, Fireball, Machine GunContra
18.2%
Bow and Arrow, Cerebral Bore, Speargun, NukeTurok 2
17.5%
101110 (OMG) Cannon, Eridian Acid Storm, Volcano, Torgue Friendly FireBorderlands
17.1%
Tobacco Pipes, Termite Snack, Calligraphy Brush, Boned Meat, Giant Squid SoulCalibur III
4%
Ulaks, Hatpin, S.C.A.R. Gun, Hold-Out PistolChronicles of Riddick: Assault on Dark Athena
2.4%
Swordfish Weapon, Telephone of Sorrow, Baby Toy HammerPrince of Persia: The Two Thrones
2.4%
Remove Ads.
Support Sporcle.
Get the best of Sporcle when you Go Orange. This ad-free experience offers more features, more stats, and more fun while also helping to support Sporcle. Thank you for becoming a member.

You're not logged in!

Compare scores with friends on all Sporcle quizzes.
OR
Log In

Show Comments

Extras

Top Quizzes Today


Score Distribution

Your Account Isn't Verified!

In order to create a playlist on Sporcle, you need to verify the email address you used during registration. Go to your Sporcle Settings to finish the process.

Report this User

Report this user for behavior that violates our Community Guidelines.

Details: